000 00789nam a2200277 a 4500
001 24421
003 CO-ViMGA
008 141112s2004 ck r 000 u spa d
020 _a9789588445373
040 _aCO-ViMGA
_bspa
_cCO-ViMGA
041 _aSPA
090 _aP MIB1
245 1 0 _aMi burro enfermo /
_cIlustrado por Gerald Espinoza
250 _a2a ed.
260 _aBogotá :
_bEkaré,
_c2011
300 _a32 p. : il. col. : il.
490 _aClave de Sol
650 1 4 _aBURROS - POESIA
_936041
650 1 4 _aCANCIONES INFANTILES
_91028
650 1 4 _aCANCIONES POPULARES
_936042
650 1 4 _aILUSTRADORES VENEZOLANOS
_936043
650 1 4 _aLEER ES MI CUENTO - COLECCION 2011
_936044
650 1 4 _aRONDAS
_936045
700 1 _aEspinoza, Gerald
_936046
942 _2ddc
_cBK
999 _c2318
_d2318